Compila XI : legislación federal y del Distrito Federal 2005 /

Obra en que se sistematiza toda la legislación federal y del Distrito Federal, actualizada hasta el 2 de junio de 2005, con el fin de facilitar la consulta de 367 códigos y leyes, 402 reglamentos del ámbito federal y del Distrito Federal, publicados en el Diario Oficial de la Federación y en la Gace...

Повний опис

Збережено в:
Бібліографічні деталі
Співавтор: México. Suprema Corte de Justicia de la Nación
Формат: Електронний ресурс
Мова:Іспанська
Опубліковано: México : Suprema Corte de Justicia de la Nación, 2005, c2005
Предмети:
Теги: Додати тег
Немає тегів, Будьте першим, хто поставить тег для цього запису!

MARC

LEADER 00000nmm^a2200000^a^4500
001 000181885
005 20250521000000.0
009 20260310101946.943
020 |a 970-712-494-6 
037 |a Acervo ITESO - Biblioteca 
041 |a ESP 
082 |a 348. 72  |b COM MEX 2005 V. 2 
110 |a México.  |b Suprema Corte de Justicia de la Nación 
240 1 1 |a [Compila] 
245 1 0 |a Compila XI :  |b legislación federal y del Distrito Federal 2005 / 
264 4 |a México :  |b Suprema Corte de Justicia de la Nación,  |c 2005, c2005 
300 |a 1 disco compacto de computadora 
336 |a datos para computadora  |b cod  |2 rdacontenido 
337 |a computadora  |b c  |2 rdamedio 
338 |a disco de computadora  |b cd  |2 rdasoporte 
520 |a Obra en que se sistematiza toda la legislación federal y del Distrito Federal, actualizada hasta el 2 de junio de 2005, con el fin de facilitar la consulta de 367 códigos y leyes, 402 reglamentos del ámbito federal y del Distrito Federal, publicados en el Diario Oficial de la Federación y en la Gaceta Oficial del Distrito Federal. De las 769 normas que conforman esta versión, es posible visualizar el texto vigente actualizado, sus fichas técnicas que comprenden las reformas y fe de erratas correspondientes, así como la exposición de motivos en el caso de la legislación federal. 
649 |a XX 
650 |a Justicia -  |x Administración -  |z México 
650 |a Poder Judicial -  |z México 
650 |a Derecho Público -  |z México 
650 |a Derecho Privado -  |z México 
650 |a México -  |x Leyes y Reglamentos -  |x Tema Principal 
910 |a Fondo General 
920 |a Electrónicos - Recursos en Disco 
905 |a 207 
901 |a 0500211978  |b IT2  |c SWB  |u 20250521 
902 |a https://opac.biblio.iteso.mx/vufind/Record/000181885